[Event "TUR-ch Youth U17 2019"]
[Site "Belek"]
[Date "2019.01.25"]
[Round "9"]
[White "Sahin, Hayrun Nisa"]
[Black "Kocyigit, Buse Naz"]
[Result "1/2-1/2"]
[WhiteElo "1743"]
[BlackElo "2043"]
[Annotator "NA"]
[PlyCount "141"]
[EventDate "2019.01.20"]
[EventType "swiss"]
[EventCountry "TUR"]
[SourceTitle "playchess.com"]
[Source "ChessBase"]
[SourceQuality "1"]
[TimeControl "5400+30"]

{[%evp 8,138,18,33,18,32767,32767,32767,32767,0,8,5,18,32767,38,29,32,-20,-20,32767,-52,32767,32767,32767,32767,-39,-47,-63,-85,-68,-31,-43,-12,32767,0,0,0,32767,-13,-21,-10,-43,32767,32767,-84,-85,-64,-176,32767,0,32767,0,32767,32767,32767,32767,32767,32767,32767,32767,32767,32767,32767,32767,32767,32767,32767,32767,32767,32767,32767,32767,32767,325,575,344,405,-24,-21,-41,-43,-52,32767,32767,32767,32767,32767,32767,-68,-111,-54,-50,-33,-60,-60,-68,-69,-97,-69,-63,-64,-122,-71,-102,-74,-145,-71,-67,-62,-123,-114,-167,-95,-100,-52,-52,-8,-102,-97,-95,-93,-105,-49,-50,-57,-61,-61,-41,-59,-54,-8,-57,0]} 1. e4 {[%emt 0:01:30]} c5 {[%emt 0:00:30]} 2. Nf3 {[%emt 0:00:30]} d6 {[%emt 0:00:30]} 3. d4 {[%emt 0:00:30]} cxd4 {[%emt 0:00:00]} 4. Nxd4 {[%emt 0:00:00]} Nf6 {[%emt 0:00:00]} 5. Nc3 {[%emt 0:00:00]} a6 {[%emt 1:31:30]} 6. Be3 {[%emt 0:02:30]} e5 {[%emt 0:00:00]} 7. Nf3 {[%emt 0:01:30]} Be7 {[%emt 0:00:00]} 8. Bc4 {[%emt 0:05:30]} O-O {[%emt 0:00:00]} 9. O-O {[%emt 0:03:30]} Nc6 {[%emt 0:00:00]} 10. Qe2 {[%emt 0:08:30]} b5 {[%emt 0:00:00] B90: Sicilian Najdorf: Unusual White 6th moves, 6 Be3 Ng4 and 6 Be3 e5} (10... Na5 11. Bd5 Be6 12. Rfd1 Qc7 13. Bxe6 fxe6 14. Ng5 Qc4 15. Qxc4 Nxc4 16. Nxe6 Rfc8 17. Bc1 h6 18. Nd5 Nxd5 19. exd5 Nb6 20. Be3 Nc4 21. Bc1 Nb6 22. Be3 {½-½ (22) Timman,J (2562)-Giri,A (2752) Amstelveen 2017}) 11. Bb3 {[%emt 0:11:30] LiveBook: 15 Games} Na5 {[%emt 0:00:00]} 12. Nd5 $146 {[%emt 0:14:30]} ({Predecessor:} 12. Bg5 Nd7 13. Bxe7 Qxe7 14. Bd5 Rb8 15. a3 Nb6 16. Rfd1 Bg4 17. h3 Bh5 18. Rd3 {½-½ (75) Andriasian,Z (2621)-Zakhartsov,V (2453) Tallinn 2016}) 12... Nxb3 {[%emt 0:00:00]} 13. Bb6 {[%emt 0:02:30]} Qd7 {[%emt 0:00:00]} 14. Nxf6+ {[%emt 0:02:30]} Bxf6 {[%emt 0:00:00]} 15. axb3 {[%emt 0:00:30]} Qc6 {[%emt 0:00:00]} 16. Ba5 {[%emt 0:02:30]} Bb7 {[%emt 0:00:00]} 17. Nd2 {[%emt 0:00:30]} d5 {[%emt 0:00:00]} ({Wrong is} 17... Qxc2 $2 18. Rfc1 $18) 18. Rfe1 {[%emt 0:16:30]} Rac8 {[%emt 0:00:00]} ({Don't go for} 18... Qxc2 $2 19. Rec1 $18) 19. c3 {[%emt 0:04:30]} Be7 {[%emt 0:00:00]} 20. Rad1 {[%emt 0:06:14]} f6 {[%emt 0:00:00]} 21. Qd3 {[%emt 0:04:24]} dxe4 {[%emt 0:00:00]} 22. Qxe4 {[%emt 0:01:23]} Qd7 {[%emt 0:00:00]} 23. Qe2 {[%emt 0:01:35]} Rce8 {[%emt 0:00:00]} 24. f3 {[%emt 0:03:15]} Qc6 {[%emt 0:03:43]} 25. Kh1 {[%emt 0:00:30] [#]} f5 $1 {[%emt 0:01:58]} 26. c4 {[%emt 0:00:50]} b4 {[%emt 0:02:09]} 27. Nf1 {[%emt 0:02:10]} (27. c5 $15) 27... Bd6 {[%emt 0:02:13]} 28. Qd2 {[%emt 0:00:49] NOTEXT-4834} Be7 {[%emt 0:00:53]} 29. Qd5+ {[%emt 0:01:45]} (29. Rxe5 $16 Bg5 30. Qe2 (30. Qxg5 Rxe5 31. Bxb4 h6 $14)) 29... Qxd5 {[%emt 0:00:31]} 30. cxd5 {[%emt 0:00:30]} Bd6 {[%emt 0:00:30]} 31. Ne3 {[%emt 0:00:30]} e4 {[%emt 0:00:30]} 32. Nc4 {[%emt 0:00:30]} exf3 {[%emt 0:00:30]} 33. Nxd6 {[%emt 0:00:30]} fxg2+ {[%emt 0:00:30]} 34. Kxg2 {[%emt 0:00:30]} Bxd5+ {[%emt 0:00:30]} 35. Kf2 {[%emt 0:00:30]} Rxe1 {[%emt 0:00:30]} 36. Rxe1 {[%emt 0:00:30]} g5 {[%emt 0:00:30]} 37. Re5 {[%emt 0:00:30]} Bxb3 {[%emt 0:00:30]} 38. Bxb4 {[%emt 0:00:30]} Rb8 {[%emt 0:00:30]} 39. Bc3 {[%emt 0:00:30]} Bc2 {[%emt 0:00:27]} 40. Re7 {[%emt 0:00:00]} Rd8 {[%emt 0:00:32]} (40... f4 {was called for.} 41. Rg7+ Kf8 42. Rxg5 Bg6) 41. Rg7+ {[%emt 0:01:40]} Kf8 {[%emt 0:00:30]} 42. Rxh7 $2 {[%emt 0:00:00]} (42. Ra7 $18) 42... Rxd6 {[%emt 0:00:00]} 43. Bb4 {[%emt 0:01:22]} Kg8 {[%emt 0:00:03]} 44. Rc7 {[%emt 0:00:56]} Rb6 {[%emt 0:00:34]} 45. Bc3 {[%emt 0:00:01]} Rg6 {[%emt 0:01:32]} 46. Rc8+ {[%emt 0:00:03]} Kf7 {[%emt 0:00:00]} 47. Bb4 {[%emt 0:00:11]} Be4 {[%emt 0:00:25]} 48. Rh8 {[%emt 0:00:37]} Ke6 {[%emt 0:00:45]} 49. Bd2 {[%emt 0:00:25]} Kd5 {[%emt 0:00:41]} 50. Rh5 {[%emt 0:00:44]} g4 {[%emt 0:00:22]} 51. Rh8 {[%emt 0:00:27]} Kc4 {[%emt 0:00:24]} 52. Rb8 {[%emt 0:00:30]} Kd3 {[%emt 0:00:35]} 53. Bf4 {[%emt 0:00:19]} Rc6 {[%emt 0:00:36]} 54. Ke1 {[%emt 0:00:54]} ({Better is} 54. Kg3 $15) 54... Kc2 {[%emt 0:00:32]} 55. Ke2 {[%emt 0:01:07]} Bf3+ {[%emt 0:00:58]} 56. Ke3 {[%emt 0:00:10] [#]} (56. Kf2 $15) 56... Re6+ {[%emt 0:00:00]} (56... Rc4 $142 $1 {[%cal Rc4e4]} 57. Re8 Bd5) 57. Kf2 {[%emt 0:00:09]} Re2+ {[%emt 0:00:37]} 58. Kf1 {[%emt 0:00:04]} ({Better is} 58. Kg3 $15) 58... Re4 {[%emt 0:00:00]} 59. Bg5 {[%emt 0:00:32]} Re5 {[%emt 0:00:54]} ({Black should play} 59... a5 $19 60. Bf6 f4 61. Rc8+ Kb1) 60. Rc8+ {[%emt 0:00:20]} Kb3 {[%emt 0:00:31]} 61. Rc3+ {[%emt 0:00:51]} Ka4 {[%emt 0:00:29]} ({Much worse is} 61... Kxb2 $6 {[#]} 62. Rxf3 $1 {[%mdl 512]} Rd5 63. Bf6+ Ka2 64. Rf2+ Kb3 65. Rb2+ Kc4 66. Rc2+ Kb3 67. Rb2+ Kc4 68. Ra2 $14) 62. Re3 {[%emt 0:00:40]} (62. h4 $11) 62... Rxe3 {[%emt 0:00:56]} 63. Bxe3 {[%emt 0:00:02]} Kb3 {[%emt 0:00:16]} 64. Bd4 {[%emt 0:00:01]} a5 {[%emt 0:00:18]} 65. Kf2 {[%emt 0:00:12]} Bd5 {[%emt 0:00:44]} 66. Kg3 {[%emt 0:00:05]} Kc4 {[%emt 0:00:15]} 67. Be5 {[%emt 0:00:42]} a4 {[%emt 0:00:31]} 68. h3 {[%emt 0:00:10]} gxh3 {[%emt 0:00:55]} (68... Kd3 {[%emt 0:00:55]}) 69. Kxh3 {[%emt 0:00:30]} Kd3 $11 {[%emt 0:00:30]} 70. Kg3 {[%emt 0:00:30]} Ke4 {[%emt 0:00:30]} 71. Bf4 {[%emt 0:00:30]} 1/2-1/2

[Event "TUR-ch Youth U17 2019"]
[Site "Belek"]
[Date "2019.01.25"]
[Round "9"]
[White "Akti, Ezgi"]
[Black "Barutcu, Sevil"]
[Result "1-0"]
[WhiteElo "1713"]
[BlackElo "1340"]
[Annotator "NA RC"]
[PlyCount "113"]
[EventDate "2019.01.20"]
[EventType "swiss"]
[EventCountry "TUR"]
[SourceTitle "playchess.com"]
[Source "ChessBase"]
[SourceQuality "1"]
[TimeControl "5400+30"]

1. e4 {[%emt 0:00:30]} c5 {[%emt 0:00:30]} 2. Nf3 {[%emt 0:00:30]} g6 {[%emt 0:00:00]} 3. c3 {[%emt 0:01:30]} Bg7 {[%emt 0:00:00]} 4. d4 {[%emt 0:01:30]} cxd4 {[%emt 0:00:30]} 5. cxd4 {[%emt 0:00:30]} d5 {[%emt 0:00:00]} 6. e5 {[%emt 0:03:30]} Nc6 {[%emt 0:00:00]} 7. Nc3 {[%emt 0:12:30]} Nh6 {[%emt 0:00:00]} 8. Be2 {[%emt 0:14:30]} Bf5 {[%emt 0:00:00]} 9. Qb3 {[%emt 0:19:30]} Rb8 {[%emt 0:49:30]} 10. Qxd5 {[%emt 0:04:30]} Qxd5 {[%emt 0:06:30]} 11. Nxd5 {[%emt 0:01:30]} Rd8 {[%emt 0:00:00]} 12. Bc4 {[%emt 0:14:30]} Be4 {[%emt 0:07:00]} 13. Nc7+ {[%emt 0:00:30]} Kd7 {[%emt 0:11:30]} 14. Nb5 {[%emt 0:01:49]} a6 {[%emt 0:01:30]} 15. d5 {[%emt 0:04:35]} Bxf3 {[%emt 0:02:23]} 16. dxc6+ {[%emt 0:01:09]} Bxc6 {[%emt 0:00:52]} 17. Nc3 {[%emt 0:00:17]} e6 {[%emt 0:03:26]} 18. f3 {[%emt 0:01:41]} Nf5 {[%emt 0:01:13]} 19. Bf4 {[%emt 0:00:30]} h6 {[%emt 0:01:39]} 20. O-O-O+ {[%emt 0:03:13]} Kc8 {[%emt 0:00:34]} 21. Rhe1 {[%emt 0:00:40]} Nh4 {[%emt 0:01:13]} 22. Bf1 {[%emt 0:01:38]} Nf5 {[%emt 0:00:55]} 23. Ne4 {[%emt 0:04:45]} Rxd1+ {[%emt 0:02:21]} 24. Kxd1 {[%emt 0:00:26]} Bxe4 {[%emt 0:00:45]} 25. Rxe4 {[%emt 0:00:27]} g5 {[%emt 0:00:44]} 26. Bd2 {[%emt 0:01:00]} Rd8 {[%emt 0:02:24]} 27. Kc1 {[%emt 0:00:16]} Rd5 {[%emt 0:02:01]} 28. Bc3 {[%emt 0:00:14]} Ne7 {[%emt 0:00:25]} 29. g3 {[%emt 0:00:56]} Ng6 {[%emt 0:01:31]} 30. f4 {[%emt 0:00:00]} gxf4 {[%emt 0:02:09]} 31. gxf4 {[%emt 0:00:15]} Ne7 {[%emt 0:00:30]} 32. Bc4 {[%emt 0:00:30]} Rd7 {[%emt 0:00:30]} 33. Re2 {[%emt 0:00:30]} Nd5 {[%emt 0:00:30]} 34. Bxd5 {[%emt 0:00:30]} Rxd5 {[%emt 0:00:30]} 35. Rg2 {[%emt 0:00:30]} Bf8 {[%emt 0:00:30]} 36. Rg8 {[%emt 0:00:30]} Rd8 {[%emt 0:00:30]} 37. Ba5 {[%emt 0:00:30]} Re8 {[%emt 0:00:30]} 38. Bb4 {[%emt 0:00:30]} Bxb4 {[%emt 0:00:30]} 39. Rxe8+ {[%emt 0:00:30]} Kd7 {[%emt 0:00:30]} 40. Rh8 {[%emt 0:00:30]} Bc5 {[%emt 0:00:30]} 41. Kd2 {[%emt 0:00:30]} Be7 {[%emt 0:00:30]} 42. Rxh6 {[%emt 0:00:30]} Bf8 {[%emt 0:00:30]} 43. Rh3 {[%emt 0:00:30]} Bb4+ {[%emt 0:00:30]} 44. Kd3 {[%emt 0:00:30]} Bc5 {[%emt 0:00:30]} 45. Rf3 {[%emt 0:00:00]} Ke7 {[%emt 0:03:03]} 46. h4 {[%emt 0:00:00]} Kf8 {[%emt 0:00:00]} 47. Rg3 {[%emt 0:00:00]} Ke8 {[%emt 0:01:18]} 48. h5 {[%emt 0:00:00]} Bf8 {[%emt 0:00:00]} 49. Ke4 {[%emt 0:00:00]} Ke7 {[%emt 0:00:22]} 50. Rb3 {[%emt 0:00:08]} b5 {[%emt 0:00:36]} 51. Ra3 {[%emt 0:00:23]} Ke8 {[%emt 0:01:02]} 52. Rxa6 {[%emt 0:00:09]} b4 {[%emt 0:00:06]} 53. a3 {[%emt 0:00:41]} bxa3 {[%emt 0:00:30]} 54. bxa3 {[%emt 0:00:00]} Bh6 {[%emt 0:00:21]} 55. a4 {[%emt 0:00:00]} Kd8 {[%emt 0:00:16]} 56. Rc6 {[%emt 0:00:27]} Kd7 {[%emt 0:00:09]} 57. Rc2 {[%emt 0:00:00]} 1-0

[Event "TUR-ch Youth U17 2019"]
[Site "Belek"]
[Date "2019.01.25"]
[Round "9"]
[White "Taskin, Arda"]
[Black "Gunduz, Umut Erdem"]
[Result "1/2-1/2"]
[WhiteElo "1693"]
[BlackElo "2255"]
[Annotator "ChessBase"]
[PlyCount "82"]
[EventDate "2019.01.20"]
[EventType "swiss"]
[EventCountry "TUR"]
[SourceTitle "playchess.com"]
[Source "ChessBase"]
[SourceQuality "1"]
[TimeControl "5400+30"]

1. d4 {[%emt 0:00:30]} Nf6 {[%emt 0:01:30]} 2. Bg5 {[%emt 0:00:00]} Ne4 {[%emt 0:01:30]} 3. Bf4 {[%emt 0:01:00]} d5 {[%emt 0:00:00]} 4. Nd2 {[%emt 0:00:00]} Bf5 {[%emt 0:01:00]} 5. Ngf3 {[%emt 0:02:00]} e6 {[%emt 0:00:30]} 6. e3 {[%emt 0:00:30]} g5 {[%emt 0:00:30]} 7. Nxe4 {[%emt 0:07:30]} gxf4 {[%emt 0:00:30]} 8. Nc3 {[%emt 0:05:30]} fxe3 {[%emt 0:00:30]} 9. fxe3 {[%emt 0:00:00]} Bh6 {[%emt 0:08:30]} 10. Qe2 {[%emt 0:03:00]} Nc6 {[%emt 0:01:30]} 11. a3 {[%emt 0:07:30]} Qe7 {[%emt 0:05:30]} 12. O-O-O {[%emt 0:01:30]} O-O-O {[%emt 0:00:30]} 13. Kb1 {[%emt 0:01:30]} Bg6 {[%emt 0:13:30]} 14. g4 {[%emt 0:05:30]} Bg7 {[%emt 0:06:30]} 15. Bg2 {[%emt 0:06:30]} h5 {[%emt 0:01:30]} 16. g5 {[%emt 0:01:30]} h4 {[%emt 0:05:30]} 17. Bh3 {[%emt 0:01:30]} Kb8 {[%emt 0:03:30]} 18. Qf2 {[%emt 0:06:30]} e5 {[%emt 0:08:30]} 19. Rhg1 {[%emt 0:08:30]} Be4 {[%emt 0:14:30]} 20. Ne2 {[%emt 0:08:30]} exd4 {[%emt 0:01:30]} 21. Nfxd4 {[%emt 0:05:30]} Ne5 {[%emt 0:02:30]} 22. Nc3 {[%emt 0:06:30]} Nc4 {[%emt 0:01:30]} 23. Nxe4 {[%emt 0:00:30]} Qxe4 {[%emt 0:04:44]} 24. Qxf7 {[%emt 0:01:52]} Be5 {[%emt 0:00:17]} 25. Ne6 {[%emt 0:05:30]} Nxe3 {[%emt 0:01:44]} 26. Rc1 {[%emt 0:02:12]} Nc4 {[%emt 0:08:56]} 27. Rge1 {[%emt 0:04:40]} Ne3 {[%emt 0:01:06]} 28. Bf5 {[%emt 0:00:55]} Qxf5 {[%emt 0:02:20]} 29. Qxf5 {[%emt 0:00:38]} Nxf5 {[%emt 0:00:30]} 30. Rxe5 {[%emt 0:00:00]} Rde8 {[%emt 0:00:24]} 31. Rxf5 {[%emt 0:00:58]} Rxe6 {[%emt 0:00:30]} 32. Rxd5 {[%emt 0:00:00]} Re2 {[%emt 0:00:20]} 33. Rg1 {[%emt 0:00:17]} c6 {[%emt 0:01:28]} 34. Rd7 {[%emt 0:00:18]} Rxh2 {[%emt 0:00:29]} 35. g6 {[%emt 0:00:38]} Rg8 {[%emt 0:01:28]} 36. g7 {[%emt 0:01:06]} Re2 {[%emt 0:01:02]} 37. Rf7 {[%emt 0:00:51]} Ree8 {[%emt 0:00:35]} 38. Rh1 {[%emt 0:00:12]} a5 {[%emt 0:01:03]} 39. Rxh4 {[%emt 0:00:30]} Ka7 {[%emt 0:00:00]} 40. Rhf4 {[%emt 0:00:31]} Re1+ {[%emt 0:00:00]} 41. Ka2 {[%emt 0:00:00]} Rg1 {[%emt 0:00:00]} 1/2-1/2

[Event "TUR-ch Youth U17 2019"]
[Site "Belek"]
[Date "2019.01.25"]
[Round "9"]
[White "Esti, Kubra Selenay"]
[Black "Kargaci, Humeyra"]
[Result "1-0"]
[WhiteElo "1662"]
[BlackElo "1740"]
[Annotator "NA RC"]
[PlyCount "91"]
[EventDate "2019.01.20"]
[EventType "swiss"]
[EventCountry "TUR"]
[SourceTitle "playchess.com"]
[Source "ChessBase"]
[SourceQuality "1"]
[TimeControl "5400+30"]

1. d4 {[%emt 0:01:30]} Nf6 {[%emt 0:00:30]} 2. Bf4 {[%emt 0:00:30]} g6 {[%emt 0:02:30]} 3. Nc3 {[%emt 0:00:30]} d5 {[%emt 0:06:30]} 4. Qd2 {[%emt 0:01:30]} Bf5 {[%emt 0:07:30]} 5. Nf3 {[%emt 0:02:30]} c6 {[%emt 0:11:30]} 6. Ne5 {[%emt 0:00:30]} Nbd7 {[%emt 0:00:30]} 7. f3 {[%emt 0:04:30]} h5 {[%emt 0:09:30]} 8. O-O-O {[%emt 0:02:30]} Bg7 {[%emt 0:02:30]} 9. Qe1 {[%emt 0:06:30]} Nb6 {[%emt 0:07:30]} 10. e4 {[%emt 0:10:30]} Be6 {[%emt 0:00:30]} 11. Kb1 {[%emt 0:07:30]} Bh6 {[%emt 0:05:30]} 12. Bxh6 {[%emt 0:09:30]} Rxh6 {[%emt 0:00:30]} 13. Qh4 {[%emt 0:02:30]} Rh8 {[%emt 0:06:30]} 14. exd5 {[%emt 0:11:30]} Nbxd5 {[%emt 0:00:30]} 15. Qe1 {[%emt 0:08:30]} Qc7 {[%emt 0:11:30]} 16. Na4 {[%emt 0:04:30]} Bf5 {[%emt 0:04:32]} 17. Nc5 {[%emt 0:03:30]} Kf8 {[%emt 0:01:23]} 18. Bd3 {[%emt 0:04:03]} Bxd3 {[%emt 0:00:55]} 19. Rxd3 {[%emt 0:03:44]} Kg7 {[%emt 0:01:59]} 20. Qg3 {[%emt 0:03:30]} h4 {[%emt 0:02:49]} 21. Qg5 {[%emt 0:04:32]} Rh5 {[%emt 0:00:43]} 22. Ne6+ {[%emt 0:01:53]} Kg8 {[%emt 0:05:45]} 23. Qxh5 {[%emt 0:00:44]} Nxh5 {[%emt 0:00:38]} 24. Nxc7 {[%emt 0:00:42]} Nxc7 {[%emt 0:00:00]} 25. Rb3 {[%emt 0:01:20]} Rb8 {[%emt 0:01:12]} 26. Nxc6 {[%emt 0:00:21]} Re8 {[%emt 0:01:26]} 27. Rxb7 {[%emt 0:00:16]} Nd5 {[%emt 0:00:06]} 28. Rxa7 {[%emt 0:01:10]} e6 {[%emt 0:01:50]} 29. Re1 {[%emt 0:01:09]} Ndf4 {[%emt 0:00:26]} 30. g4 {[%emt 0:01:39]} hxg3 {[%emt 0:00:00]} 31. hxg3 {[%emt 0:00:18]} Nxg3 {[%emt 0:00:09]} 32. Ne5 {[%emt 0:00:30]} f6 {[%emt 0:00:30]} 33. Nxg6 {[%emt 0:00:30]} Nfe2 {[%emt 0:00:30]} 34. Nh4 {[%emt 0:00:30]} Nxd4 {[%emt 0:00:30]} 35. c3 {[%emt 0:00:30]} Nde2 {[%emt 0:00:30]} 36. a4 {[%emt 0:00:30]} Rd8 {[%emt 0:00:30]} 37. Kc2 {[%emt 0:00:30]} Rd5 {[%emt 0:00:30]} 38. Ng6 {[%emt 0:00:30]} Rd8 {[%emt 0:00:30]} 39. Ne7+ {[%emt 0:00:30]} Kf8 {[%emt 0:05:58]} 40. Nc6 {[%emt 0:01:19]} Rd6 {[%emt 0:00:38]} 41. Rd1 {[%emt 0:00:35]} Rxd1 {[%emt 0:01:53]} 42. Kxd1 {[%emt 0:00:01]} Ng1 {[%emt 0:00:00]} 43. Nd4 {[%emt 0:00:40]} e5 {[%emt 0:00:34]} 44. Ne6+ {[%emt 0:00:06]} Ke8 {[%emt 0:00:00]} 45. Rg7 {[%emt 0:00:32]} N1e2 {[%emt 0:00:03]} 46. a5 {[%emt 0:00:03]} 1-0

[Event "TUR-ch Youth U17 2019"]
[Site "Belek"]
[Date "2019.01.25"]
[Round "9"]
[White "Ozkurt, Kutay"]
[Black "Aytekin, Murat Eren"]
[Result "1-0"]
[WhiteElo "1586"]
[BlackElo "2163"]
[Annotator "NA"]
[PlyCount "127"]
[EventDate "2019.01.20"]
[EventType "swiss"]
[EventCountry "TUR"]
[SourceTitle "playchess.com"]
[Source "ChessBase"]
[SourceQuality "1"]
[TimeControl "5400+30"]

{[%evp 10,127,15,32767,9,16,22,35,37,46,50,45,43,35,43,-6,32767,32767,32767,32767,32767,10,70,64,81,50,65,65,117,18,33,25,32767,32767,32767,32767,17,12,40,0,32767,0,0,0,0,0,0,0,0,2,71,69,57,47,56,0,145,84,120,55,214,210,32767,233,285,32767,247,264,255,276,268,32767,32767,32767,32767,32767,283,360,355,362,380,446,32767,32767,32767,32767,32767,495,528,557,776,32767,484,995,1106,1034,1196,3813,1393,6170,4610,12807,4610,4758,32767,32767,32767,32767,4692,29974,6786,29977,29977,29969,29979,32767,29967,29985,29959,29980]} 1. e4 {[%emt 0:00:30]} c5 {[%emt 0:00:30]} 2. Nf3 {[%emt 0:00:30]} e6 {[%emt 0:00:30]} 3. b3 {[%emt 0:00:30]} a6 {[%emt 0:01:30]} 4. c4 {[%emt 0:00:00]} Nc6 {[%emt 0:01:30]} 5. Bb2 {[%emt 0:00:00]} Qc7 {[%emt 0:01:30]} 6. Nc3 {[%emt 0:00:30]} Nf6 {[%emt 0:01:30]} 7. g3 {[%emt 0:05:30] LiveBook: 20 Games} d6 {[%emt 0:02:30]} 8. d4 {[%emt 0:01:30]} cxd4 {[%emt 0:01:30]} 9. Nxd4 {[%emt 0:00:00]} Be7 {[%emt 0:02:30]} 10. Bg2 {[%emt 0:00:00]} Bd7 {[%emt 0:02:30]} 11. O-O {[%emt 0:01:30]} O-O {[%emt 0:00:30]} 12. Kh1 {[%emt 0:01:30] A33: Symmetrical English: 2 Nf3 Nf6 3 d4 cxd4 4 Nxd4 e6 5 Nc3 Nc6} (12. Nxc6 $14 Bxc6 13. Rc1) (12. Qd2 Rac8 13. Rad1 Rfd8 14. Kh1 Ne8 15. f4 Nxd4 16. Qxd4 Bf6 17. Qa7 b5 18. Qxc7 Rxc7 19. e5 dxe5 20. fxe5 {½-½ (29) Piotrowski,P (2320)-Lewtak,D (2387) Katowice 2018}) 12... Rfd8 {[%emt 0:07:30]} 13. Nxc6 $146 {[%emt 0:00:30]} ({You set blue moves yourself with the critical opening position annotation.:} 13. Nce2 Rac8 14. Qd2 Nxd4 15. Nxd4 Bc6 16. Nxc6 bxc6 17. Bc3 Rd7 18. Rac1 Ne8 19. Rfd1 Qb7 {0-1 (73) Steiner,E-Naegeli,O Paris 1924}) 13... Bxc6 {[%emt 0:00:30]} 14. Qe2 {[%emt 0:01:30]} Rac8 {[%emt 0:07:30]} 15. Rad1 {[%emt 0:03:30]} e5 {[%emt 0:07:30]} (15... Qb8 $11) 16. Nd5 {[%emt 0:03:30]} Bxd5 {[%emt 0:00:30]} 17. exd5 {[%emt 0:00:00]} Re8 {[%emt 0:04:30]} 18. f4 {[%emt 0:02:00]} e4 {[%emt 0:06:30]} (18... Nd7 $14) 19. Bxe4 {[%emt 0:02:30]} (19. Bh3 $16) 19... Nxe4 {[%emt 0:05:30]} 20. Qxe4 {[%emt 0:00:30]} Bf6 {[%emt 0:01:30]} 21. Qg2 {[%emt 0:00:30]} Bxb2 {[%emt 0:01:30]} 22. Qxb2 {[%emt 0:00:00]} b5 {[%emt 0:01:30]} 23. Rc1 {[%emt 0:04:00]} Qb7 {[%emt 0:02:30]} 24. Qd4 {[%emt 0:00:00]} Re2 {[%emt 0:03:30]} 25. Qd3 {[%emt 0:06:00]} Rce8 {[%emt 0:03:30]} 26. Rc2 {[%emt 0:00:30]} R2e3 {[%emt 0:02:30]} 27. Qd2 {[%emt 0:01:30]} h5 {[%emt 0:02:30]} 28. f5 {[%emt 0:07:30]} Qe7 {[%emt 0:08:53]} 29. f6 {[%emt 0:03:30]} Qe5 {[%emt 0:02:49]} (29... gxf6 $11 {keeps the balance.} 30. Qd4 Re1) 30. fxg7 {[%emt 0:01:30]} bxc4 {[%emt 0:03:50]} 31. bxc4 {[%emt 0:00:30]} Re7 {[%emt 0:01:57]} 32. Qf2 {[%emt 0:00:30]} (32. Qd1 $14) 32... Qe4+ {[%emt 0:00:51]} (32... h4 $11 {remains equal.}) 33. Kg1 {[%emt 0:01:30]} Qg6 {[%emt 0:01:15] [#]} (33... h4 $1 $14) 34. Qf5 {[%emt 0:02:30]} (34. Rb2 $1 $16) 34... Qxg7 {[%emt 0:01:08]} (34... Kxg7 $14 35. c5 dxc5) 35. Qxh5 {[%emt 0:00:00]} R7e5 {[%emt 0:01:50]} 36. Qh4 {[%emt 0:01:00]} Qg6 {[%emt 0:02:10]} 37. Rcf2 {[%emt 0:01:30]} R5e4 {[%emt 0:01:59]} 38. Qd8+ {[%emt 0:00:30]} Re8 {[%emt 0:00:24]} 39. Qf6 {[%emt 0:00:30]} R8e4 {[%emt 0:02:37]} 40. Qxf7+ {[%emt 0:01:30]} Qxf7 {[%emt 0:00:30]} 41. Rxf7 {[%emt 0:00:00]} Rxc4 {[%emt 0:00:12]} 42. Rd7 {[%emt 0:00:00]} Rc2 {[%emt 0:00:17]} 43. Rf2 {[%emt 0:01:30]} ({Not} 43. Rxd6 Ree2 $16) 43... Re1+ {[%emt 0:01:00]} 44. Kg2 $1 {[%emt 0:00:30]} Ree2 {[%emt 0:00:00]} 45. Rxe2 {[%emt 0:00:00]} Rxe2+ {[%emt 0:00:22]} 46. Kh3 {[%emt 0:00:00]} Rxa2 {[%emt 0:00:30]} 47. Rxd6 {[%emt 0:00:30]} Kf7 {[%emt 0:00:00]} 48. g4 {[%emt 0:00:00]} a5 {[%emt 0:00:40]} 49. Ra6 {[%emt 0:00:00]} a4 {[%emt 0:00:01]} 50. Kg3 {[%emt 0:00:30]} a3 {[%emt 0:01:30]} 51. h4 {[%emt 0:00:00]} Ra1 {[%emt 0:00:15]} 52. Kf4 {[%emt 0:00:00]} a2 {[%emt 0:00:29] [#]} 53. Kg5 $1 {[%emt 0:00:00]} Kg7 {[%emt 0:00:31]} 54. Ra7+ {[%emt 0:00:00]} Kg8 {[%emt 0:00:14]} 55. Kg6 {[%emt 0:01:30]} Kf8 {[%emt 0:00:12]} 56. g5 {[%emt 0:00:30]} Rh1 {[%emt 0:00:58]} 57. Rxa2 {[%emt 0:00:30]} Rxh4 {[%emt 0:00:00]} 58. Rd2 {[%emt 0:00:00]} Ke7 {[%emt 0:00:29]} 59. d6+ {[%emt 0:00:00]} Kd7 {[%emt 0:00:00]} 60. Kg7 {[%emt 0:00:00]} Rh1 {[%emt 0:00:20]} 61. g6 {[%emt 0:00:00]} Rh3 {[%emt 0:00:02]} 62. Kg8 {[%emt 0:00:30]} Rh1 {[%emt 0:01:04]} 63. g7 {[%emt 0:00:00]} Rh3 {[%emt 0:00:49]} 64. Rf2 {[%emt 0:00:00]} 1-0